000
00296nam a2200145Ia 4500
100
_a
Freeman/Eric
942
_c
BK
366
_f
20
245
_a
Head first design patterns
260
_b
Oreilly
_c
2004
082
_a
5.133
_b
FRE
300
_a
638
546
_a
ENGLISH
_c
Computers
999
_c
27337
_d
27337